TEXTBOOK OF HUMAN ANATOMY AND PHYSIOLOGY-II (Record no. 34145)

MARC details
000 -LEADER
fixed length control field 00342nam a22001457a 4500
003 - CONTROL NUMBER IDENTIFIER
control field SGT
020 ## - INTERNATIONAL STANDARD BOOK NUMBER
International Standard Book Number 9788119613946
082 ## - DEWEY DECIMAL CLASSIFICATION NUMBER
Classification number 611
Item number KAU
100 ## - MAIN ENTRY--PERSONAL NAME
Personal name KAUSER DR M.S
245 ## - TITLE STATEMENT
Title TEXTBOOK OF HUMAN ANATOMY AND PHYSIOLOGY-II
260 ## - PUBLICATION, DISTRIBUTION, ETC. (IMPRINT)
Place of publication, distribution, etc INDIA
Name of publisher, distributor, etc IP PUB
Year of Publication 2026
300 ## - PAGE DESCRIPTION
No. of Pages 233
490 ## - SERIES STATEMENT
Series statement HUMAN ANATOMY & PHYSIOLOGY
942 ## - ADDED ENTRY ELEMENTS (KOHA)
Source of classification or shelving scheme Dewey Decimal Classification
Koha item type Books
Holdings
Withdrawn status Lost status Source of classification or shelving scheme Damaged status Not for loan Collection code Home library Current library Shelving location Date acquired Vendor Name Cost, normal purchase price SGTU Bill Number Total Checkouts Full call number Accession No. (Barcode) Date last seen Bill Date Koha item type Date last borrowed
    Dewey Decimal Classification     SCIENCE SGT Science & Social Sciences Library SGT Science & Social Sciences Library Text Book 21/02/2026 INNOVATIVE PUBLICATION 495.00 SGTU IPI/2025/SU/INS338/2   611 KAU DP1703 21/02/2026 10/02/2026 Books  
    Dewey Decimal Classification     SCIENCE SGT Science & Social Sciences Library SGT Science & Social Sciences Library Text Book 21/02/2026 INNOVATIVE PUBLICATION 495.00 SGTU IPI/2025/SU/INS338/2 1 611 KAU DP1704 24/03/2026 10/02/2026 Books 11/03/2026